Quizzes
Events
Quiz Creation
Community
Videos
Private Events
Remove Ads
Sign In
Join for FREE
Feedback
Dark Mode
Quiz Categories
Sports
Geography
Music
Movies
Television
Just For Fun
Miscellaneous
History
Literature
Language
Science
Gaming
Entertainment
Religion
Holiday
For Kids
Quiz Lab
Recent
Popular Today
Quiz Kudos Today
Editor Picks
Curator Picks
Quizzes by...
Day
Popularity
Type
Ratings
Length
Year
Community
Subscriptions
Recent Discussions
Orange Saloon
Badges
Playlists
Quests
Create
Leaderboards
Showdown
Live 5
Trivia Bingo
Activity
Puzzle Library
Sporcle Events
Private Events
Virtual Trivia
Globe League
Become a Host
Pub Owners
SporcleCon
Opinionation
Our Games
Videos
Blog
Mobile Apps
Partnerships
Remove Ads and Go Orange
Feedback
Just For Fun
Clickable
Get the Picture
Humor
Quick Pick
Word Ladder
Missing Word
Mixed Word
Blitz
Minefield
This or That
Alphabet
Color
Typing
Sporcle
Puzzle
Word Play
Follow That Line
Logic
Just For Fun
Clickable
Get the Picture
Humor
Quick Pick
Word Ladder
Missing Word
Mixed Word
Blitz
Minefield
This or That
Alphabet
Color
Typing
Sporcle
Puzzle
Word Play
Follow That Line
Logic
Random Quiz
Search Sporcle
×
Quiz Lab
Quiz Lab
Just For Fun
Hershey
Type in answers that appear in a list
Type in answers that appear in a list
Classic
Best Score? Go Orange.
Candy Bars Made by Hershey's Stats
Can you name the Candy Bars Made by Hershey's?
By
five309
8m
20 Questions
91 Plays
91 Plays
91 Plays
Comments
Comments
Give Quiz Kudos
Give Quiz Kudos
-
- Ratings
hide this ad
Replay
Link that replays current quiz
Next Quiz
Link to next quiz in quiz playlist
You Got
0%
They Got
Avg Score
37%
Avg Friend Score
Upgrade to see
Score Distribution
Jump to the score distribution portion of the page
Score
0/20
Timer
08:00
0
Plays Today
Hint
Answer
% Correct
The original.....
Milk Chocolate
76.9%
A little smooch
Kiss
64.8%
Chocolate covered wafer bars
Kit Kat
59.3%
Sometimes you don't !!!
Mounds
54.9%
Sometimes you feel like a nut.....
Almond Joy
53.8%
White chocolate meets cookies
Cookies and Cream
44%
E.T'.'s candy of choice
Reeses Pieces
44%
Cousin of the Thingamajig
Whatchamacallit
44%
2 great tastes in one
Reeses Peanut Butter Cup
39.6%
Dark Chocolate and Cool Mint
York Peppermint Patty
36.3%
Hint
Answer
% Correct
Pretzels, caramel, peanuts, peanut butter and chocolate
Take 5
36.3%
The original, only nutty
Milk Chocolate w
33%
Filled with peanut-
ty goodness
Mr Goodbar
33%
Let the music play
Symphony
26.4%
Milk Chocolate and Toffee; Swedish for 'shoes'
Skor
26.4%
Milk Chocolate English Toffee Bar
Heath Bar
19.8%
Pint size versions of the big bars
Miniatures
15.4%
Popular at movie theaters
Milk Duds
14.3%
Bite sized, squared version of the Kiss
Bliss
13.2%
Crunchy peanut butter bar with a chocolate coating
Fifth Avenue
8.8%
Quiz Playlist
Details
Report
Send in Message
Add To Playlist
Classic:
Type in answers that appear in a list
Last Updated: Feb 16, 2017
Quiz Scoreboard
CHALLENGE
Sign Up to Join the Scoreboard
Show All
Scores
Hide
Comments
May contain spoilers
Recently Published
NBA Finals Game Top Scorers (2010s)
by flibbidy
Sports
5m
Guess the 'R' Things in 3 Words
by MSUKent
Miscellaneous
3m
Actor to Badly Drawn Movie III
by MoMosMoProblems
Movies
5m
More to Explore
Quiz From the Vault
Featured Blog Post
Where Does Lost Luggage Go?
hide this ad
You Might Also Like...
Tags
bar
Candy
Candy Bars
Hershey
Today's Top Quizzes in Just For Fun
Browse Just For Fun
hide this ad
Today's Top Quizzes in Hershey
Browse Hershey
Top Contributed Quizzes in Just For Fun
1
CrossWordLadder XXIII
2
Erkennst du die Lieblingsgerichte der watsons?
3
Quick Pick: Famous Davids
4
Sporcle Events Newsletter Bonus Questions 3/18/24
5
Guess Who in 3 Images
6
CrossWordLadder XXIV
7
CrossWordLadder XLIII
8
CrossWordLadder XXV
9
Trees Logic Puzzle 616
10
Order the Mini Maze II
Explore More
Trending Topics
Disney
Anime
Crossword
Marvel
Kpop
NBA
Harry Potter
The Office
Song
Country
Pokémon
WWE
Puzzle
Soccer
NFL
hide this ad
More By:
five309
Quiz
Plays
Rating
Category
Featured
Created
The Many Aliases of Jame Gumb
247
4.00
Movies
Aug 11, 2011
Baltimore Orioles Hall of Famers
238
4.00
Sports
Jul 7, 2011
Wrestling Tag Teams By Initials
128
3.00
Sports
Jul 1, 2011
F*** THE WORLD LYRICS
92
Music
Jul 20, 2012
Candy Bars Made by Hershey's
91
Just For Fun
Jul 1, 2011
Go to Creator's Profile
Score Distribution
Quiz Creator Spotlight
five309
Follow
Send a Message
Quizzes Created
-
Created Quiz Play Count
-
More By This Creator
Popular Quizzes Today
1
Find the US States - No Outlines Minefield
2
Find the US States
3
The Countries of the World
4
10 Largest US States in Order
5
Find the Countries of Europe - No Outlines Minefield
6
US States
7
Guess the 'R' Things in 3 Words
8
NBA Finals Game Top Scorers (2010s)
More Just For Fun Quizzes
Missing Word: Tom Hanks Movie Quotes
Published
Trending Quizzes
First Name TV: Leading Men
Match the Book to the Film II
First Name TV: Leading Women Drama
3-Word Movies in 1 Word II
Match the Book to the Film VI
Recently Updated
Women's Final Four Teams by Year
bhenderson79
Presidents Quartet II
eogle
Anything But Clue(do)
eogle
Anything But Oceanian Capitals
eogle
Anything But 7
eogle
Anything But Thing
eogle
Word Ladder: February 29
pecheneg
Song Title Questions
pecheneg
Women's NCAA Tournament #1 Seeds
pecheneg
Celebrity Mug Shots
pecheneg
Trending Topics
NBA
Marvel
Crossword
Kpop
Anime
Harry Potter
Disney
NFL
Song
Puzzle
Country
Soccer
The Office
Pokémon
WWE
Your Account Isn't Verified!
In order to create a playlist on Sporcle, you need to verify the email address you used during registration. Go to your
Sporcle Settings
to finish the process.
Report this User
Report this user for behavior that violates our
Community Guidelines
.
Details:
Send Report
Go to the Sporcle.com Mobile Site →
Comments